[Event "4NCL Division 3 Central"]
[Site "Leamington Spa, ENG"]
[Date "2022.04.30"]
[Round "7.26"]
[White "Dixon, Chris"]
[Black "Cundy, Mark A"]
[Result "0-1"]
[WhiteElo "1819"]
[BlackElo "1854"]
[PlyCount "112"]
[EventDate "2022.04.30"]
[WhiteTeam "The Full Ponty"]
[BlackTeam "Warwickshire Select 2"]

1. Nf3 g6 2. d3 Bg7 3. g3 f5 4. Bg2 Nf6 5. O-O O-O 6. c4 d6 7. Nc3 Nc6 8. a3 e5
9. e3 Nh5 10. Rb1 Rb8 11. Nd5 Ne7 12. Nxe7+ Qxe7 13. b4 f4 14. exf4 exf4 15.
Bb2 Bd7 16. Re1 Qd8 17. Bxg7 Nxg7 18. Nd2 fxg3 19. fxg3 Qf6 20. Ne4 Qd4+ 21.
Kh1 Nf5 22. Qe2 Kh8 23. Qb2 b6 24. b5 Rbe8 25. a4 Re5 26. Qxd4 Nxd4 27. Rf1
Rxf1+ 28. Rxf1 Bf5 29. Re1 Kg7 30. h3 h6 31. Kg1 Bxe4 32. Bxe4 Nf3+ 33. Kf2
Nxe1 34. Kxe1 g5 35. Kf2 Kf6 36. Kf3 Re8 37. d4 Rf8 38. Ke3 Kg7 39. Ke2 Rf6 40.
Bd5 h5 41. Bg2 h4 42. g4 Rf4 43. Ke3 Kf6 44. Bf3 Ke7 45. Bg2 d5 46. cxd5 Kd6
47. Bf3 Rf8 48. Ke2 Re8+ 49. Kd2 Ra8 50. Be2 Rf8 51. Ke3 Kxd5 52. Kd3 Rf4 53.
Kc3 Rxd4 54. Kb3 Ke5 55. Bf1 Kf4 56. Be2 Kg3 0-1

[Event "4NCL Division 3 Central"]
[Site "Leamington Spa, ENG"]
[Date "2022.04.30"]
[Round "7.31"]
[White "Bromilow, Edward T"]
[Black "Okhai, Shabir"]
[Result "0-1"]
[WhiteElo "1801"]
[BlackElo "2126"]
[PlyCount "26"]
[EventDate "2022.04.30"]
[WhiteTeam "Ashfield 2"]
[BlackTeam "The Rookies"]

1. e4 e5 2. Nf3 Nc6 3. Nc3 Nf6 4. d4 exd4 5. Nxd4 Bc5 6. Be3 Bb6 7. Nxc6 bxc6
8. Bxb6 axb6 9. e5 Nd5 10. Nxd5 cxd5 11. Qxd5 Ra5 12. Qe4 Qe7 13. Bc4 Rxe5 0-1

[Event "4NCL Division 3 Central"]
[Site "Leamington Spa, ENG"]
[Date "2022.04.30"]
[Round "7.32"]
[White "Byron, Alan M"]
[Black "Bentley, Alex"]
[Result "1-0"]
[WhiteElo "2185"]
[BlackElo "1758"]
[PlyCount "39"]
[EventDate "2022.04.30"]
[WhiteTeam "The Rookies"]
[BlackTeam "Ashfield 2"]

1. e4 c5 2. Nf3 e6 3. d4 cxd4 4. Nxd4 a6 5. Bd3 Bc5 6. Nb3 Ba7 7. Nc3 Qc7 8.
Qg4 Kf8 9. Bf4 d6 10. Qg3 e5 11. Nd5 Qd8 12. Bg5 f6 13. Bd2 Nc6 14. f4 Nge7 15.
Rf1 Be6 16. fxe5 dxe5 17. Rxf6+ Kg8 18. Rxe6 b5 19. Nxe7+ Nxe7 20. Bg5 1-0

[Event "4NCL Division 3 Central"]
[Site "Leamington Spa, ENG"]
[Date "2022.04.30"]
[Round "7.33"]
[White "Hill, Maurice J"]
[Black "Burrows, Martin P"]
[Result "0-1"]
[WhiteElo "1707"]
[BlackElo "2111"]
[PlyCount "112"]
[EventDate "2022.04.30"]
[WhiteTeam "Ashfield 2"]
[BlackTeam "The Rookies"]

1. g3 e5 2. Bg2 d5 3. c4 dxc4 4. Qa4+ c6 5. Qxc4 Be6 6. Qc2 Bd6 7. Nc3 Nf6 8.
d3 O-O 9. Nf3 h6 10. O-O c5 11. Nb5 Nc6 12. Nxd6 Qxd6 13. b3 Rac8 14. Bb2 b6
15. Rfd1 Nd4 16. Qd2 Bg4 17. Nxd4 exd4 18. h3 Bh5 19. g4 Bg6 20. Rf1 Nd5 21. f4
f5 22. Bxd5+ Qxd5 23. Rae1 Rce8 24. gxf5 Qxf5 25. e4 dxe3 26. Rxe3 Rxe3 27.
Qxe3 Qxd3 28. Qe6+ Kh7 29. Qg4 Qe3+ 30. Rf2 h5 31. Qe2 Qxe2 32. Rxe2 Rxf4 33.
Be5 Rf7 34. h4 Rd7 35. Kf2 Bf5 36. Ke3 Rd3+ 37. Kf4 Bg4 38. Rf2 Kg6 39. Ke4 Rd8
40. Ke3 Rd7 41. Rd2 Re7 42. Ke4 Be6 43. Rg2+ Kh7 44. Rd2 c4 45. bxc4 Bxc4 46.
a3 b5 47. Rd6 Bf1 48. Kd4 Rb7 49. Kc3 a5 50. Rc6 Re7 51. Rc5 Kg6 52. Bd4 Be2
53. Rg5+ Kh7 54. Re5 Rc7+ 55. Rc5 Rd7 56. Re5 b4+ 0-1

[Event "4NCL Division 3 Central"]
[Site "Leamington Spa, ENG"]
[Date "2022.04.30"]
[Round "7.34"]
[White "Jones, Christopher M"]
[Black "Graham, Neil"]
[Result "1-0"]
[WhiteElo "2132"]
[BlackElo "1760"]
[PlyCount "33"]
[EventDate "2022.04.30"]
[WhiteTeam "The Rookies"]
[BlackTeam "Ashfield 2"]

1. e4 e5 2. Nf3 Nf6 3. Nc3 Nc6 4. d4 Bb4 5. Nxe5 Nxe5 6. dxe5 Nxe4 7. Qd4 Nxc3
8. Qxb4 Nd5 9. Qg4 Rg8 10. Qe4 c6 11. Qxh7 Kf8 12. Bc4 Qe7 13. O-O Qxe5 14.
Bxd5 Qxd5 15. Bf4 Qe6 16. Rfe1 Qg6 17. Qh4 1-0

[Event "4NCL Division 3 Central"]
[Site "Leamington Spa, ENG"]
[Date "2022.04.30"]
[Round "7.35"]
[White "Fraser, Chris"]
[Black "Compton, Alistair"]
[Result "0-1"]
[WhiteElo "1631"]
[BlackElo "2036"]
[PlyCount "98"]
[EventDate "2022.04.30"]
[WhiteTeam "Ashfield 2"]
[BlackTeam "The Rookies"]

1. e4 e6 2. d4 d5 3. Nc3 Nf6 4. Bg5 Bb4 5. exd5 Qxd5 6. Bxf6 gxf6 7. Qf3 Qxf3
8. Nxf3 Nc6 9. Bb5 Bd7 10. O-O-O Bxc3 11. bxc3 a6 12. Be2 Ne7 13. Nd2 Bc6 14.
Bf3 Bxf3 15. Nxf3 Rg8 16. g3 Nd5 17. Kb2 b5 18. Ne1 Nb6 19. Nd3 Na4+ 20. Kb3
Rg5 21. Nb2 Nb6 22. c4 bxc4+ 23. Nxc4 Rb5+ 24. Kc3 Nxc4 25. Kxc4 Rb2 26. Kc3
Rxa2 27. Rb1 Ra3+ 28. Kd2 O-O-O 29. c3 Rd5 30. Ra1 Rda5 31. Rxa3 Rxa3 32. Rb1
Ra2+ 33. Ke3 a5 34. Rb5 a4 35. h4 a3 36. f3 Rc2 37. Kd3 a2 38. Ra5 Rh2 39. Ke3
Kb7 40. Kf4 h5 41. c4 Kb6 42. Ra3 c5 43. d5 exd5 44. cxd5 c4 45. g4 c3 46. d6
c2 47. Rb3+ Kc6 48. Rc3+ Kxd6 49. gxh5 a1=Q 0-1

[Event "4NCL Division 3 Central"]
[Site "Leamington Spa, ENG"]
[Date "2022.04.30"]
[Round "7.36"]
[White "Gibson, Christopher A"]
[Black "Brown, Stephanie"]
[Result "1-0"]
[WhiteElo "1833"]
[BlackElo "1402"]
[PlyCount "83"]
[EventDate "2022.04.30"]
[WhiteTeam "The Rookies"]
[BlackTeam "Ashfield 2"]

1. e4 e6 2. d4 d5 3. Nc3 Nf6 4. e5 Nfd7 5. f4 c5 6. Nf3 Be7 7. Be3 Nc6 8. Qd2
f5 9. exf6 Bxf6 10. dxc5 a6 11. Na4 Na5 12. Nb6 Nxb6 13. Qxa5 Nc4 14. Qxd8+
Kxd8 15. Bxc4 dxc4 16. O-O-O+ Bd7 17. Bd4 Ke7 18. Rhe1 Rhe8 19. Bxf6+ gxf6 20.
Nd4 Kf7 21. Nf5 exf5 22. Rxd7+ Kg6 23. Rxe8 Rxe8 24. Rxb7 Rc8 25. Rb6 Rxc5 26.
Rxa6 Rc8 27. Re6 Kf7 28. Re3 h5 29. Rc3 Re8 30. Rxc4 Re2 31. g3 Rxh2 32. Rc3
Re2 33. a4 Re8 34. a5 Ra8 35. Ra3 Ke6 36. a6 Kd6 37. a7 Kc6 38. Ra6+ Kb7 39.
Rxf6 Rxa7 40. Rf7+ Kb6 41. Rxa7 Kxa7 42. Kd2 1-0

[Event "4NCL Division 3 Central"]
[Site "Leamington Spa, ENG"]
[Date "2022.04.30"]
[Round "7.41"]
[White "Brown, Thomas"]
[Black "Taylor, Robert K"]
[Result "1-0"]
[WhiteElo "2173"]
[BlackElo "1950"]
[PlyCount "37"]
[EventDate "2022.04.30"]
[WhiteTeam "Rhyfelwyr Essyllwg"]
[BlackTeam "Shropshire and Friends 1"]

1. d4 d5 2. Nf3 Nf6 3. c3 e6 4. Bf4 Be7 5. e3 O-O 6. Bd3 c5 7. Nbd2 Nc6 8. Qe2
Bd7 9. Ne5 g6 10. h4 Nh5 11. Bh6 Nxe5 12. dxe5 Ng7 13. h5 Bg5 14. hxg6 fxg6 15.
Bxg7 Kxg7 16. Rxh7+ Kxh7 17. Qh5+ Bh6 18. Qxg6+ Kh8 19. Qh7# 1-0

[Event "4NCL Division 3 Central"]
[Site "Leamington Spa, ENG"]
[Date "2022.04.30"]
[Round "7.42"]
[White "Hurney, Kevin"]
[Black "Trevelyan, John"]
[Result "1-0"]
[WhiteElo "1937"]
[BlackElo "1961"]
[PlyCount "65"]
[EventDate "2022.04.30"]
[WhiteTeam "Shropshire and Friends 1"]
[BlackTeam "Rhyfelwyr Essyllwg"]

1. e4 d6 2. d4 Nf6 3. Nc3 e5 4. Nf3 Nbd7 5. Be2 Be7 6. O-O O-O 7. h3 c6 8. Be3
h6 9. Qd2 Nh7 10. Rad1 Ng5 11. dxe5 dxe5 12. Nxg5 Bxg5 13. Bxg5 Qxg5 14. Qxg5
hxg5 15. Rd6 Nf6 16. Rfd1 Be6 17. f3 Rfe8 18. Na4 Kf8 19. Nc5 Bc8 20. Kf2 Ke7
21. R6d2 Nh5 22. Bc4 Kf8 23. a4 b6 24. Na6 Bxa6 25. Bxa6 Re7 26. Rd6 Rc7 27.
Rd7 Rxd7 28. Rxd7 Ke8 29. Rc7 Rd8 30. Ke3 Rd7 31. Rxc6 Nf4 32. g3 Nxh3 33. Bc8
1-0

[Event "4NCL Division 3 Central"]
[Site "Leamington Spa, ENG"]
[Date "2022.04.30"]
[Round "7.43"]
[White "Hewitt, William"]
[Black "Higgie, Charles L"]
[Result "1/2-1/2"]
[WhiteElo "1992"]
[BlackElo "1912"]
[PlyCount "67"]
[EventDate "2022.04.30"]
[WhiteTeam "Rhyfelwyr Essyllwg"]
[BlackTeam "Shropshire and Friends 1"]

1. d4 Nf6 2. c4 g6 3. f3 c5 4. d5 b5 5. e4 d6 6. cxb5 a6 7. Nc3 Bg7 8. Be3 O-O
9. bxa6 Nxa6 10. Bc4 e6 11. dxe6 Bxe6 12. Bxa6 Rxa6 13. Nge2 Qb6 14. Qd2 Rb8
15. O-O Rb7 16. b4 Qc7 17. b5 Ra3 18. Bf4 Ne8 19. Rac1 Qa5 20. Rc2 Bc4 21. Rb1
Ra7 22. h3 h5 23. Kh1 Kh7 24. b6 Rb7 25. Bxd6 Nxd6 26. Qxd6 Bxc3 27. Nxc3 Rxc3
28. Rxc3 Qxc3 29. Qxc5 Qc2 30. Rb4 Qc1+ 31. Kh2 Qf4+ 32. Kg1 Qc1+ 33. Kh2 Qf4+
34. Kg1 1/2-1/2

[Event "4NCL Division 3 Central"]
[Site "Leamington Spa, ENG"]
[Date "2022.04.30"]
[Round "7.44"]
[White "Bryant, Richard B E"]
[Black "Hatchett, Paul"]
[Result "1-0"]
[WhiteElo "1800"]
[BlackElo "1995"]
[PlyCount "77"]
[EventDate "2022.04.30"]
[WhiteTeam "Shropshire and Friends 1"]
[BlackTeam "Rhyfelwyr Essyllwg"]

1. e4 Nf6 2. e5 Nd5 3. d4 Nb6 4. Bg5 d5 5. c3 c5 6. dxc5 N6d7 7. e6 fxe6 8. Bd3
Nxc5 9. Qh5+ Kd7 10. Bc2 Nc6 11. b4 Qb6 12. Bc1 Nxb4 13. cxb4 Qxb4+ 14. Nd2 Qc3
15. Ne2 Qxc2 16. O-O Qf5 17. Qh4 Qe5 18. Qb4 b6 19. Nd4 Ba6 20. N2f3 Qd6 21.
Re1 Nd3 22. Qa4+ b5 23. Qd1 Nxe1 24. Qxe1 Bc8 25. Nxb5 Qb6 26. a4 Ba6 27. Ne5+
Ke8 28. Be3 Qb7 29. Qe2 Bxb5 30. axb5 g6 31. Qf3 Qxb5 32. Qf7+ Kd8 33. Qxe6 Rb8
34. Nf7+ Kc7 35. Bf4+ Kb7 36. Bxb8 Bg7 37. Qxe7+ Kxb8 38. Qxa7+ Kc8 39. Nd6+
1-0

[Event "4NCL Division 3 Central"]
[Site "Leamington Spa, ENG"]
[Date "2022.04.30"]
[Round "7.45"]
[White "Van Kemenade, Rudy"]
[Black "Bailey, Adrian"]
[Result "1/2-1/2"]
[WhiteElo "1914"]
[BlackElo "1810"]
[PlyCount "95"]
[EventDate "2022.04.30"]
[WhiteTeam "Rhyfelwyr Essyllwg"]
[BlackTeam "Shropshire and Friends 1"]

1. e4 c5 2. Nf3 e6 3. d3 Nc6 4. g3 d5 5. Qe2 dxe4 6. dxe4 e5 7. c3 Nf6 8. Bg2
Be7 9. O-O O-O 10. Bg5 Qb6 11. Na3 Be6 12. Nc4 Bxc4 13. Qxc4 Rad8 14. Qe2 h6
15. Bxf6 Bxf6 16. h4 Rd6 17. Rfd1 Rfd8 18. b3 Qa5 19. Rxd6 Rxd6 20. Qc2 Qd8 21.
Bf1 g5 22. hxg5 hxg5 23. Bc4 Ne7 24. Qe2 a6 25. a4 Qd7 26. Kg2 Nc8 27. Bd5 Ne7
28. c4 Nc6 29. Nh2 Bg7 30. Qh5 Rh6 31. Qxh6 Bxh6 32. f3 Nd4 33. Ng4 Bg7 34. Rh1
Nxb3 35. Rh6 Qxa4 36. Rb6 Nd4 37. Rxb7 Qc2+ 38. Kh3 Ne6 39. Ne3 Qf2 40. Nf5
Qxf3 41. Bxe6 g4+ 42. Kh2 Qxe4 43. Rxf7 Qe2+ 44. Kg1 Qe1+ 45. Kg2 Qe2+ 46. Kg1
Qe1+ 47. Kg2 Qe2+ 48. Kg1 1/2-1/2

[Event "4NCL Division 3 Central"]
[Site "Leamington Spa, ENG"]
[Date "2022.04.30"]
[Round "7.46"]
[White "Slegg, Gary"]
[Black "McGregor, John"]
[Result "1/2-1/2"]
[WhiteElo "1549"]
[BlackElo "1874"]
[PlyCount "43"]
[EventDate "2022.04.30"]
[WhiteTeam "Shropshire and Friends 1"]
[BlackTeam "Rhyfelwyr Essyllwg"]

1. e4 e5 2. Nc3 Nc6 3. Bc4 Nf6 4. Nf3 Nxe4 5. Bxf7+ Kxf7 6. Nxe4 d5 7. Neg5+
Kg8 8. d3 h6 9. Nh3 Bd6 10. Be3 Kh7 11. d4 e4 12. Nd2 Rf8 13. Qh5 Rf5 14. Qe2
Qh4 15. O-O-O Rf8 16. Ng1 a6 17. f3 Bf5 18. Bf2 Qf6 19. fxe4 dxe4 20. Nxe4 Bf4+
21. Kb1 Qg6 22. Ng3 1/2-1/2

[Event "4NCL Division 3 Central"]
[Site "Leamington Spa, ENG"]
[Date "2022.04.30"]
[Round "7.51"]
[White "Terry, Sean"]
[Black "Bush, Ian"]
[Result "0-1"]
[WhiteElo "1912"]
[BlackElo "1908"]
[PlyCount "39"]
[EventDate "2022.04.30"]
[WhiteTeam "Oxford 2"]
[BlackTeam "Oxford 3"]

1. d4 Nf6 2. Nf3 d6 3. Nc3 g6 4. Bg5 Bg7 5. h4 Nbd7 6. g3 c5 7. Bg2 Qb6 8. Rb1
Qa5 9. O-O O-O 10. Qd2 Rb8 11. dxc5 Qxc5 12. Be3 Qa5 13. b4 Qa6 14. Rfd1 Re8
15. Nd4 Nb6 16. Qd3 Qxd3 17. exd3 Ng4 18. Nde2 Nxe3 19. fxe3 Bg4 20. Kf2 0-1

[Event "4NCL Division 3 Central"]
[Site "Leamington Spa, ENG"]
[Date "2022.04.30"]
[Round "7.52"]
[White "Phan, Stefanus K F"]
[Black "Finn, Christopher"]
[Result "1-0"]
[WhiteElo "1816"]
[BlackElo "1898"]
[PlyCount "77"]
[EventDate "2022.04.30"]
[WhiteTeam "Oxford 3"]
[BlackTeam "Oxford 2"]

1. c4 Nf6 2. g3 e6 3. Bg2 d5 4. Nf3 Be7 5. O-O O-O 6. b3 b6 7. Bb2 c5 8. e3 Bb7
9. Nc3 dxc4 10. bxc4 Nc6 11. Qe2 Qc7 12. Rfd1 Rfd8 13. Rac1 a6 14. d4 cxd4 15.
exd4 Na5 16. Ne5 Bxg2 17. Kxg2 Bd6 18. Kg1 Bxe5 19. dxe5 Nd7 20. Na4 Rac8 21.
c5 b5 22. c6 Nxc6 23. Rd6 Ndxe5 24. Qxe5 Nxe5 25. Rxc7 Nc4 26. Rxd8+ Rxd8 27.
Bc3 f6 28. Nc5 Rd1+ 29. Kg2 Rc1 30. Bd4 e5 31. Be3 Nxe3+ 32. fxe3 Rc2+ 33. Kf3
Rxa2 34. Ra7 b4 35. Rb7 a5 36. h4 Rc2 37. Ne6 Ra2 38. Rxg7+ Kh8 39. Kg4 1-0

[Event "4NCL Division 3 Central"]
[Site "Leamington Spa, ENG"]
[Date "2022.04.30"]
[Round "7.53"]
[White "Arora, Tashika"]
[Black "Cole, Graham"]
[Result "1-0"]
[WhiteElo "1986"]
[BlackElo "1783"]
[PlyCount "127"]
[EventDate "2022.04.30"]
[WhiteTeam "Oxford 2"]
[BlackTeam "Oxford 3"]

1. d4 Nf6 2. c4 g6 3. Nf3 Bg7 4. g3 c5 5. Bg2 cxd4 6. Nxd4 O-O 7. O-O d5 8.
cxd5 Nxd5 9. Nb5 a6 10. Bxd5 axb5 11. Qb3 Nc6 12. e3 Qa5 13. Na3 b4 14. Nc2 Bh3
15. Rd1 Rad8 16. Rd2 Qb5 17. Bc4 Qc5 18. Rxd8 Rxd8 19. Be2 b5 20. Ne1 Be6 21.
Qc2 Qxc2 22. Nxc2 Bc4 23. Kf1 Rd1+ 24. Ne1 Ne5 25. Bxc4 bxc4 26. Ke2 Rd8 27. f4
Nc6 28. Rb1 f5 29. b3 cxb3 30. Rxb3 Ra8 31. a3 bxa3 32. Bxa3 Kf7 33. Nf3 h6 34.
h3 Bf6 35. g4 Ra7 36. Kf2 e5 37. Kg3 exf4+ 38. exf4 Ne7 39. Bc5 Rc7 40. Bd6 Ra7
41. Bb8 Ra8 42. Rb7 fxg4 43. hxg4 Ra6 44. Bc7 Ra3 45. Bd6 Rd3 46. Bb4 Rb3 47.
Kf2 Rb2+ 48. Ke3 Ke8 49. Bxe7 Rxb7 50. Bxf6 Kf7 51. Bd4 Ke7 52. Ke4 h5 53. gxh5
gxh5 54. f5 Rb1 55. Be3 Rb4+ 56. Ke5 Rb5+ 57. Kf4 Kf7 58. Kg5 Rb3 59. Ne5+ Ke8
60. Bf4 Rb4 61. f6 h4 62. f7+ Ke7 63. Kf5 h3 64. Bg5+ 1-0

[Event "4NCL Division 3 Central"]
[Site "Leamington Spa, ENG"]
[Date "2022.04.30"]
[Round "7.54"]
[White "Davis, Cameron"]
[Black "Pozimski, Szymon"]
[Result "1-0"]
[WhiteElo "1754"]
[BlackElo "1984"]
[PlyCount "47"]
[EventDate "2022.04.30"]
[WhiteTeam "Oxford 3"]
[BlackTeam "Oxford 2"]

1. d4 d5 2. c4 dxc4 3. e4 e5 4. Nf3 Bb4+ 5. Nc3 exd4 6. Nxd4 Ne7 7. Bf4 Bd7 8.
Bxc4 O-O 9. O-O Bxc3 10. bxc3 a6 11. Bg5 Qe8 12. a4 Nec6 13. Re1 Na5 14. Ba2
Kh8 15. Bf4 Bxa4 16. Qh5 Nac6 17. Bxc7 Nd7 18. Bd6 Nf6 19. Qh4 Ne7 20. Nf5 Nxf5
21. exf5 Qc6 22. Bxf8 Rxf8 23. Bxf7 Qxc3 24. Qxa4 1-0

[Event "4NCL Division 3 Central"]
[Site "Leamington Spa, ENG"]
[Date "2022.04.30"]
[Round "7.61"]
[White "David, Barry A H"]
[Black "Neatherway, A Philip"]
[Result "0-1"]
[WhiteElo "1664"]
[BlackElo "1790"]
[PlyCount "82"]
[EventDate "2022.04.30"]
[WhiteTeam "Deaf England"]
[BlackTeam "Oxford 4"]

1. e4 e6 2. d4 d5 3. e5 c5 4. c3 Nc6 5. Nf3 Qb6 6. Bd3 Bd7 7. O-O f6 8. dxc5
Bxc5 9. b4 Be7 10. exf6 Nxf6 11. a4 O-O 12. Na3 Rae8 13. Be3 Qd8 14. Nb5 e5 15.
Be2 a6 16. Na3 e4 17. Nd4 Bd6 18. Nac2 Ne5 19. Bg5 h6 20. Bh4 Ng6 21. Bxf6 Qxf6
22. Ne3 Qe5 23. g3 Bh3 24. Ng2 Qg5 25. Re1 Nf4 26. Nxf4 Bxf4 27. Kh1 Bc7 28. f3
h5 29. Rg1 exf3 30. Bxf3 Re3 31. Rc1 Qe5 32. Re1 Bg4 33. Rxe3 Qxe3 34. Bxd5+
Kh8 35. Qg1 Qd2 36. Qe1 Qd3 37. Be4 Qc4 38. Bg2 Bb6 39. Qe7 Rc8 40. Re1 Qxc3
41. Nf3 Bxf3 0-1

[Event "4NCL Division 3 Central"]
[Site "Leamington Spa, ENG"]
[Date "2022.04.30"]
[Round "7.62"]
[White "Tringali, Alessandro"]
[Black "Freund, Michael P"]
[Result "1/2-1/2"]
[WhiteElo "1662"]
[BlackElo "1642"]
[PlyCount "108"]
[EventDate "2022.04.30"]
[WhiteTeam "Oxford 4"]
[BlackTeam "Deaf England"]

1. e4 e6 2. d4 d5 3. Nd2 dxe4 4. Nxe4 Bd7 5. Nf3 Bc6 6. Bd3 Nd7 7. Bf4 Ngf6 8.
Qe2 Nxe4 9. Bxe4 Bxe4 10. Qxe4 c6 11. O-O Nf6 12. Qd3 Be7 13. Qb3 Qb6 14. Qxb6
axb6 15. a4 O-O 16. Rfe1 Nd5 17. Bg3 Nb4 18. Re2 b5 19. a5 Nd5 20. Nd2 Ra6 21.
Nb3 b6 22. axb6 Rxa1+ 23. Nxa1 Nxb6 24. Nb3 Nc4 25. c3 Ra8 26. Bf4 Ra2 27. Bc1
Kf8 28. Kf1 Nb6 29. Ke1 Nd5 30. Kd1 b4 31. c4 Nb6 32. c5 Nd5 33. Kc2 Bf6 34.
Kd3 Ke7 35. g3 Kd7 36. Nd2 Ra8 37. Ne4 Be7 38. Kc4 f5 39. Ng5 Bxg5 40. Bxg5 Ra1
41. Bd2 Rd1 42. Kd3 Rb1 43. Kc2 Ra1 44. Re1 Ra8 45. Kb3 h6 46. h4 g6 47. Bxh6
Ke7 48. Bd2 Kf7 49. Kc4 Ra2 50. Kb3 Ra8 51. Rh1 Kf6 52. Bg5+ Kf7 53. h5 gxh5
54. Bd2 Kg6 1/2-1/2

[Event "4NCL Division 3 Central"]
[Site "Leamington Spa, ENG"]
[Date "2022.04.30"]
[Round "7.63"]
[White "Ajimal, Jet"]
[Black "Rumsby, Stephen"]
[Result "1-0"]
[WhiteElo "1608"]
[BlackElo "1614"]
[PlyCount "75"]
[EventDate "2022.04.30"]
[WhiteTeam "Deaf England"]
[BlackTeam "Oxford 4"]

1. e4 e5 2. Nf3 Nc6 3. Bb5 a6 4. Ba4 Bc5 5. O-O d6 6. Nc3 b5 7. Bb3 Na5 8. d3
Nxb3 9. axb3 Bg4 10. h3 Bh5 11. Be3 Bd4 12. Bxd4 exd4 13. Nd5 Nf6 14. Nf4 Bxf3
15. Qxf3 O-O 16. Ra5 Nd7 17. Rfa1 Ne5 18. Qg3 Qc8 19. Nd5 Nc6 20. f4 f6 21. f5
Rf7 22. R5a2 Ne5 23. Rf1 Qb7 24. Nf4 a5 25. Ne6 c5 26. Rf4 Qe7 27. Rf1 Qd7 28.
Rfa1 a4 29. bxa4 Rxa4 30. b3 Rxa2 31. Rxa2 Qc8 32. Qe1 Nc6 33. Qa1 Rb7 34. Ra6
h6 35. Rxc6 Qb8 36. Ra6 Qc8 37. Ra8 Rb8 38. Qa7 1-0

[Event "4NCL Division 3 Central"]
[Site "Leamington Spa, ENG"]
[Date "2022.04.30"]
[Round "7.64"]
[White "Hertog, Alexander"]
[Black "Woolfe, Howard S"]
[Result "1-0"]
[WhiteElo "1523"]
[BlackElo "1300"]
[PlyCount "59"]
[EventDate "2022.04.30"]
[WhiteTeam "Oxford 4"]
[BlackTeam "Deaf England"]

1. Nf3 c6 2. e3 d5 3. c4 Nf6 4. b3 Bg4 5. Bb2 e6 6. Be2 Nbd7 7. h3 Bh5 8. d4
Bb4+ 9. Bc3 Bxc3+ 10. Nxc3 h6 11. O-O O-O 12. Ne5 Bxe2 13. Qxe2 Rc8 14. f4 Ne4
15. Nxe4 dxe4 16. Nxd7 Qxd7 17. f5 exf5 18. Qh5 Kh7 19. Qxf5+ Qxf5 20. Rxf5 g6
21. Re5 Rce8 22. Rxe8 Rxe8 23. Rd1 f5 24. d5 Rd8 25. Rd4 c5 26. Rd1 Kg7 27. g4
Kf6 28. gxf5 gxf5 29. Kf2 Ke5 30. Rg1 1-0

[Event "4NCL Division 3 Central"]
[Site "Leamington Spa, ENG"]
[Date "2022.04.30"]
[Round "7.65"]
[White "Simmons, Michael W"]
[Black "Hariharan, Shambavi"]
[Result "0-1"]
[WhiteElo "1173"]
[BlackElo "1466"]
[PlyCount "92"]
[EventDate "2022.04.30"]
[WhiteTeam "Deaf England"]
[BlackTeam "Oxford 4"]

1. d4 d5 2. c4 c6 3. e3 Nf6 4. Nf3 e6 5. Nbd2 Nbd7 6. c5 a5 7. a4 b6 8. cxb6
Qxb6 9. Be2 Bd6 10. O-O O-O 11. b3 Ba6 12. Bxa6 Qxa6 13. Ba3 Bxa3 14. Rxa3 c5
15. Qa1 Rfc8 16. dxc5 Rxc5 17. Rc1 Rac8 18. Rxc5 Rxc5 19. h3 Qd6 20. g3 Qc7 21.
Qd4 e5 22. Qh4 Nf8 23. b4 Rc1+ 24. Kg2 Ng6 25. Qg5 h6 26. Qf5 axb4 27. Rb3 Nd7
28. Rxb4 Ne7 29. Qd3 e4 30. Qb3 exf3+ 31. Nxf3 Ng6 32. Rb7 Qd6 33. Qb4 Qxb4 34.
Rxb4 Ra1 35. Rb7 Nde5 36. Nxe5 Nxe5 37. Rb8+ Kh7 38. Re8 Nd3 39. Rd8 Ra2 40.
Kf3 Rxf2+ 41. Kg4 Ne5+ 42. Kh4 Ng6+ 43. Kg4 f5+ 44. Kh5 Ne5 45. g4 Rg2 46. gxf5
Rg5+ 0-1

[Event "4NCL Division 3 Central"]
[Site "Leamington Spa, ENG"]
[Date "2022.04.30"]
[Round "7.66"]
[White "Watkins, Seb"]
[Black "Paull, James"]
[Result "1-0"]
[WhiteElo "1559"]
[BlackElo "1185"]
[PlyCount "35"]
[EventDate "2022.04.30"]
[WhiteTeam "Oxford 4"]
[BlackTeam "Deaf England"]

1. d4 e6 2. Nf3 d5 3. c4 Nf6 4. Nc3 Bb4 5. Bg5 Bxc3+ 6. bxc3 O-O 7. cxd5 exd5
8. e3 c6 9. Rb1 b5 10. Bd3 Bg4 11. O-O Nbd7 12. h3 h6 13. hxg4 hxg5 14. Nxg5
Ne4 15. Nxe4 dxe4 16. Bxe4 Nf6 17. Bxc6 Nd5 18. Qb3 1-0

[Event "4NCL Division 3 Central"]
[Site "Leamington Spa, ENG"]
[Date "2022.05.02"]
[Round "9.11"]
[White "Okhai, Shabir"]
[Black "Mossong, Hubert"]
[Result "1-0"]
[WhiteElo "2126"]
[BlackElo "2040"]
[PlyCount "137"]
[EventDate "2022.05.02"]
[WhiteTeam "The Rookies"]
[BlackTeam "Ashfield 1"]

1. e4 c5 2. Nf3 Nc6 3. Bb5 Qb6 4. Nc3 Nd4 5. Nxd4 cxd4 6. Nd5 Qd8 7. a4 a6 8.
Be2 e6 9. Nf4 Qc7 10. d3 Bd6 11. g3 Ne7 12. O-O b6 13. Nh5 O-O 14. Qd2 Ng6 15.
f4 f5 16. Bf3 Bb7 17. Rf2 Rac8 18. b3 a5 19. Qe2 Ne7 20. g4 g6 21. e5 Bxf3 22.
Qxf3 Bxe5 23. fxe5 Qxe5 24. Bf4 Qd5 25. Ng3 Qxf3 26. Rxf3 fxg4 27. Rff1 Nd5 28.
Bh6 Rf3 29. Rac1 Rxf1+ 30. Rxf1 Ne7 31. Rf2 Nf5 32. Bf4 Nh4 33. Ne4 Nf3+ 34.
Kf1 Kg7 35. Ng5 Rc5 36. Nxf3 gxf3 37. Bd6 Rf5 38. Bc7 g5 39. Bxb6 e5 40. Bxa5
g4 41. Bd8 Rf8 42. Bh4 Kg6 43. c4 dxc3 44. Rc2 Rc8 45. Be1 Kf5 46. Rxc3 Rb8 47.
Bg3 Rb7 48. Rc5 d6 49. Rc3 h5 50. Be1 e4 51. dxe4+ Kxe4 52. Bf2 d5 53. Re3+ Kf5
54. Bg3 d4 55. Re5+ Kg6 56. Rb5 Rd7 57. Bf4 d3 58. Bd2 Re7 59. Rg5+ Kf6 60. Rd5
Re2 61. Bf4 Ra2 62. Rxd3 Kf5 63. Bg3 h4 64. Bxh4 Rxh2 65. Bf2 Rg2 66. a5 Ke4
67. Rd4+ Ke5 68. Rd2 Ke4 69. Be1 1-0

[Event "4NCL Division 3 Central"]
[Site "Leamington Spa, ENG"]
[Date "2022.05.02"]
[Round "9.12"]
[White "Mercs, Peter J"]
[Black "Byron, Alan M"]
[Result "1/2-1/2"]
[WhiteElo "1989"]
[BlackElo "2185"]
[PlyCount "60"]
[EventDate "2022.05.02"]
[WhiteTeam "Ashfield 1"]
[BlackTeam "The Rookies"]

1. e4 c6 2. d4 d5 3. e5 Bf5 4. Nf3 e6 5. Be2 Nd7 6. O-O c5 7. c4 Ne7 8. Nc3
dxc4 9. Bxc4 Nb6 10. Bb5+ Nc6 11. Be3 c4 12. Nd2 Bd3 13. Re1 a6 14. Bxc6+ bxc6
15. Qg4 h5 16. Qf3 Nd5 17. Nde4 Qc7 18. Bg5 Nb4 19. Qf4 Nc2 20. Nd6+ Bxd6 21.
exd6 Qd7 22. Be7 Nxa1 23. Rxa1 f6 24. Na4 Bf5 25. Nb6 Qb7 26. Nxa8 Qxa8 27. Qg3
Kf7 28. Qa3 Qb7 29. h3 Rb8 30. Rc1 Bd3 1/2-1/2

[Event "4NCL Division 3 Central"]
[Site "Leamington Spa, ENG"]
[Date "2022.05.02"]
[Round "9.13"]
[White "Burrows, Martin P"]
[Black "Naylor, Michael A"]
[Result "1-0"]
[WhiteElo "2111"]
[BlackElo "1954"]
[PlyCount "95"]
[EventDate "2022.05.02"]
[WhiteTeam "The Rookies"]
[BlackTeam "Ashfield 1"]

1. e4 e5 2. Nf3 Nc6 3. Bb5 a6 4. Ba4 Nf6 5. O-O Be7 6. Re1 b5 7. Bb3 d6 8. c3
O-O 9. h3 Na5 10. Bc2 c5 11. d4 Qc7 12. Nbd2 Re8 13. Nf1 Bf8 14. b3 g6 15. d5
Nh5 16. Ng3 Nf4 17. Ne2 Bg7 18. Rb1 Nh5 19. Be3 Nb7 20. c4 b4 21. Qd2 a5 22. a4
Nd8 23. Bh6 Bh8 24. g4 Ng7 25. Ng3 f6 26. Kh2 Nf7 27. Be3 Rf8 28. Nh4 Qd8 29.
Rg1 Ra7 30. Rg2 Ng5 31. Qe2 Raf7 32. Rbg1 Nxh3 33. Kxh3 h5 34. Ngf5 hxg4+ 35.
Rxg4 Nxf5 36. exf5 g5 37. Nf3 Rh7+ 38. Kg2 Qe7 39. Kf1 Bg7 40. Be4 Kf7 41. Bxg5
Rfh8 42. Be3 Bd7 43. Qd3 Qf8 44. Ke2 Ke8 45. Kd2 Kd8 46. Kc2 Bh6 47. Nh4 Qe8
48. Ng6 1-0